00555nam a22001577a 450000500170000001000150001702000110003203500140004303700130005708200120007010000270008224501450010926000270025427000810028130000350036220230920162559.0 aENG-135522 c120.00 aEN-119054 bDBAD/PUB a181.432 ashukla, ramesh chandra aYogasanas & Pranayama :bYoga Postures Asanas Dhyana & Pranayama Techniques for a Disciplined Mind & Healthy Body/cBy Ramesh Chandra Shukla aNew Delhic2013bV & S a F-2/16, ansari road, daryaganje110002k011-23240026minfo@vspublishers.com a120p.c22cm(pbk)bbibliography